| 000 | 00684nam a2200265Ia 4500 | ||
|---|---|---|---|
| 001 | Z_19 | ||
| 003 | CHAP | ||
| 008 | 220113s1988 xx 000 0 und d | ||
| 010 | _a162985 | ||
| 040 | _cCHAP | ||
| 082 | _a001.6424 J65y | ||
| 100 |
_aJones, Edward _962001 |
||
| 245 |
_aAplique el dBASE III PLUS / _cpor Edward Jones |
||
| 260 |
_aMéxico, D. F. : _bMcGraw-Hill, _c1988 |
||
| 300 | _a483 p. | ||
| 503 | _aej.1: C/E \ ej.2: 143563\ ej.3: C/E \ ej.4: | ||
| 650 |
_adBASE III PLUS (Programación) _931357 |
||
| 650 |
_aLenguajes de programación _965989 |
||
| 901 | _a001.6424 J65Y | ||
| 902 | _aM | ||
| 910 | _a1988 | ||
| 942 | _c1 | ||
| 942 | _cc1 | ||
| 999 |
_c162985 _d162985 |
||